Milans Präferenzen - Statistiken

Allgemein
  • Dieses Quiz wurde 2 mal gespielt
  • Das Durchschnittsergebnis liegt bei 8 aus 10
Antwortstatistiken
Frage Antwort % Korrekt
Wie viele ernste Beziehung hatte Milan schon? 2
100%
Lieblingsanime? One Piece
100%
Was will Milan mal werden Reich
100%
Welcher Nachname ist richtig? Reichelt
100%
Wo würde Milan gerne leben? Schweiz
100%
Mein Lieblingsgetränk? Wasser
100%
Wann wurde ich Geboren? 15.04.2009
50%
Welches Auto würde ich mir am liebsten Kaufen? McLaren 765LT Spider
50%
Wieso ist Milan Vegetarier? Weil er die Tierhaltung schlecht findet
50%
Wer ist am besten in Clash Royal und Brawlstars? Milan
0%
Keine übereinstimmenden Quizze gefunden
Verteilung der Resultate
Anzahl Personen mit jedem Resultat
Perzentil nach korrekt beantworteten Fragen
Ihre Resultats-Entwicklung
Sie haben dieses Quiz noch nicht gespielt